000 00511cam a22001814a 4500
005 20250605163624.0
008 250528s ||||||||||||||||||||||||d
035 _a22936
020 _a9781557987914
040 _aGR-AtMCL
_bgre
_dGR-AtMCL
_eAACR2
245 1 _aPUBLICATION MANUAL OF THE AMERICAN PSYCHOLOGICAL ASSOCIATION
250 _a5
260 _bAddison-Wesley Publishing Company
_bAmerican Psychological Association,
_c2002
300 _a439
942 _cBK
999 _c7979
_d7979